Um Prado de Verão (Registo nº 5960)

Detalhes MARC
000 -Etiqueta do registo
Valores 00685nam a2200217 4500
010 ## - Número ISBN
ISBN 9724212424
100 ## - Dados gerais de processamento
Dados gerais 20211231d1994 a||y0pory5003 ba
200 1# - Titulo e menção de responsabilidade
Título próprio Um Prado de Verão
Primeira menção de responsabilidade Saro de la Iglesia
Outras menções de responsabilidade ilustrações de Sally Cutting
210 ## - Publicação
Local de publicação Lisboa
Nome do editor Círculo de Leitores
Data de publicação imp. 1995
215 ## - Descrição física 
Paginação / Volumes 57, [4] p., 2 quadros desdobráveis
Outras indicações físicas il. color.
Dimensões 30 cm
606 ## - Nome comum usado como assunto
ID Autoridade 14
Palavra de ordem Literatura infantil
606 ## - Nome comum usado como assunto
ID Autoridade 13
Palavra de ordem Literatura Estrangeira
675 ## - CDU
Notação 82-93
Edição BN
Língua por
675 ## - CDU
Notação 821.1/.8
Edição BN
Língua por
700 ## - Autor principal (pessoa individual)
Apelido De La Iglesia
Nome Saro
ID Autoridade 5641
702 ## - Autor secundário (pessoa individual)
Apelido Cutting
Nome Sally
Datas 1949-
ID Autoridade 4099
801 #0 - Fonte de origem
País PT
Agência BMVN
Regras de catalogação RPC
830 ## - Notas gerais do catalogador
Criado por Ana Caetano
Data de criação 31/12/2021
990 ## - Elementos KOHA
Tipo de documento Livro
Exemplares
Situação do levantamento Biblioteca de origem Código de barras Cota Permissão de empréstimo Tipo de documento Forma de aquisição
  Biblioteca Municipal de Vendas Novas 100000018045 LI EST/IGL   Livro  

Powered by Koha